000
00249nam a2200097Ia 4500
008
230605s9999 xx 000 0 und d
041
_a
eng
100
_a
talukdar
245
_a
parlez a l hotel an easy guide to learnig french vol-1
650
_a
French
999
_c
417353
_d
417353